000 00987cab a2200241 4500
001 ABS59730
008 090401t1998 xxu||||| |||| 00| 0 eng d
035 _a(Sirsi) u90084
041 _aeng
100 _aDraper, M.
245 _aTrusts of Land and Appointment of Trustees Act 1996: section 14
260 _c1998
350 _a0
490 _aSolicitors` Journal
_v142(45) 27 November 1998, 1076-1077(2)
520 _aDiscussion of the first reported case on the operation the Trusts of Land and Appointment of Trustees Act 1996 s14, which replaced the old dispute resolution provision of the Law of Property Act 1925. "TSB Bank plc v Marshall" concerns an application by the TSB for orders of possession and sale under the new section.
650 _aJOINT TENANCY
650 _aTRUSTEES
650 _aTRUSTS OF LAND AND APPOINTMENT OF TRUSTEES ACT 1996
650 _aTSB BANK PLC V MARSHALL
690 _aPROPERTY LAW AND PRACTICE
942 _n0
948 _c02/12/1998
999 _c57058
_d57058